000 01407naa a22003257a 4500
001 BR8007382
003 BR-BrBNA
005 20240918174713.0
007 ta
008 230509b bl.||||| |||| 00| 0 por d
040 _aBR-BrBNA
_bpor
_cBiblioteca Nacional de Agricultura
041 _a(Pt)
072 _aH10
_b1120
_b4020
_b3877
090 _aH10 BR8007382
100 1 _aNakano, O.
111 1 _a1. Simposio Brasileiro sobre a Cultura da Mangueira
_cJaboticabal, SP (Brazil)
_d24-28 Nov 1980
245 1 _aPragas da mangueira [Mangifera indica, Aethalion reticulatum, Selenothrips rubrocinctus, Megalopyge lanata, Hydocyphalus mangiferae, inseto]
260 3 _aJaboticabal, SP (Brasil):
_c1980.
500 _aDonadio, L.C. (ed.) Anais do 1. Simposio Brasileiro sobre a Cultura da Mangueira Jaboticabal, SP (Brasil): 1980. p. 132-139 (BR8007382-AM)H10
650 _aMANGA
650 _aCIGARRINHA
650 _aTRIPS
650 _aLAGARTA
650 _aBROCA
650 _aINSETICIDA
650 _aCONTROLE QUIMICO
773 0 _tAnais do 1. Simposio Brasileiro sobre a Cultura da Mangueira
_aDonadio, L.C. (ed.). Faculdade de Ciencias Agrarias e Veterinarias "Campus" de Jaboticabal, SP (Brasil);Sociedade Brasileira de Fruticultura, Cruz das Almas, BA (Brasil)
_wH10 BR8007382
_gJaboticabal, SP (Brasil), 1980. p. 132-139
909 _a202404
_bLucia
_c55
_dLucia Elande
942 _cAM
_2AGRIS
999 _c312990
_d312990